[Event "17th Open A"]
[Site "Graz AUT"]
[Date "2010.08.31"]
[Round "4"]
[White "Danner,G"]
[Black "Wiedermann,D"]
[Result "1-0"]
[WhiteElo "2418"]
[BlackElo "2198"]

1.d4 Nf6 2.c4 g6 3.Nc3 Bg7 4.e4 d6 5.Nf3 O-O 6.Be2 e5 7.d5 a5 8.O-O Na6 9.Ne1 Bd7
10.Nd3 b6 11.Bg5 h6 12.Bh4 g5 13.Bg3 Nxe4 14.Nxe4 f5 15.Nc3 f4 16.Bg4 Qc8
17.Bxd7 Qxd7 18.Ne4 Nc5 19.Ndxc5 bxc5 20.Qe2 Rab8 21.f3 fxg3 22.hxg3 Rb4
23.Rac1 Rfb8 24.Rc2 Qa4 25.a3 R4b6 26.g4 Qd7 27.Rd1 Qf7 28.Rd3 Qf4 29.Qd2 a4
30.g3 Qxd2 31.Rdxd2 Rb3 32.Kg2 Kh7 33.Rf2 Kg6 34.Kf1 R8b7 35.Ke1 R7b6 36.Kd1 Rb7
37.Kc1 Rb8 38.Rc3 R3b7 39.Re3 Bh8 40.Rfe2 Bg7 41.Nc3 e4 42.Nb5 exf3 43.Rxf3 Be5
44.Kc2 h5 45.gxh5+ Kxh5 46.b3 Kg4 47.Rd3 axb3+ 48.Kxb3 Bxg3 49.Rg2  1-0

[Event "9th Georgiev-Kesarovski Mem"]
[Site "Sunny Beach BUL"]
[Date "2010.08.31"]
[Round "4"]
[White "Ni,V"]
[Black "Pantev,T"]
[Result "1-0"]
[WhiteElo "2199"]
[BlackElo "1747"]

1.d4 Nf6 2.c4 g6 3.Nc3 Bg7 4.e4 d6 5.Nf3 O-O 6.Be2 e5 7.dxe5 dxe5 8.Qxd8 Rxd8
9.Bg5 Re8 10.O-O-O c6 11.Nxe5 Nxe4 12.Nxe4 Bxe5 13.Rhe1 Bf5 14.Ng3 Be6 15.f4 Bg7
16.Ne4 Nd7 17.Nd6 Reb8 18.g4 Nc5 19.f5 Bc8 20.Bf3 Bd7 21.b4 Na4 22.Re7 Be8
23.Rde1 Kf8 24.f6  1-0

[Event "7th Malaysia Open"]
[Site "Kuala Lumpur MAS"]
[Date "2010.09.02"]
[Round "3"]
[White "Bakri,Al"]
[Black "Lee Kim Han,E"]
[Result "1/2-1/2"]
[WhiteElo "1904"]
[BlackElo "2156"]

1.d4 Nf6 2.c4 g6 3.Nc3 Bg7 4.Nf3 O-O 5.e4 d6 6.Be2 e5 7.dxe5 dxe5 8.O-O Nbd7
9.Be3 Re8 10.Qc2 c6 11.h3 Qc7 12.Rfd1 Bf8 13.a3 Bc5 14.Qd2 a5 15.Ne1 b6 16.Nf3 Bb7
17.Na4 Rad8 18.Bd3 Bxe3 19.Qxe3 Nh5 20.Bf1 Nf4 21.Rd2 Ne6 22.b4 axb4 23.axb4 c5
24.b5 Nd4 25.Raa2 f5 26.Nc3 Nf6 27.Bd3 f4 28.Qe1 Nxf3+ 29.gxf3 Kf7 30.Bf1 g5
31.Bg2 Kg6 32.Nd5 Bxd5 33.exd5 Rd7 34.Qb1+ Kg7 35.Ra6 Rf8 36.Qf5 h6 37.Qe6 Rd6
38.Qxe5 Re8 39.Qa1 Re7 40.Raa2 Kf7 41.Re2 Rdd7 42.Qe1 Rxe2 43.Rxe2 Re7 44.Bf1 Rxe2
45.Qxe2 Qe7 46.Qa2 Ne8 47.Qa6 Qd6 48.Qc8 Ke7 49.Qf5 Qf6 50.Qe4+ Kd7 51.Qh7+ Qg7
52.Qf5+ Kc7 53.Bd3 Qe7 54.Qg6 Nd6 55.Qxh6 Kd7 56.Qh8 Qe8 57.Qh7+ Qe7 58.Qh8 Qe8
59.Qf6 Qe7 60.Bf5+ Kd8 61.Qg6 Nxc4 62.Bd3 Nd6 63.Qg8+ Kc7 64.Qa8 Nb7 65.Be4 Qd7
66.Qg8 Qe7 67.Qa8 Qd7 68.Qg8 Qe7 69.Qa8  1/2-1/2

[Event "9th Georgiev-Kesarovski Mem"]
[Site "Sunny Beach BUL"]
[Date "2010.09.02"]
[Round "6"]
[White "Ni,V"]
[Black "Kolev,At2"]
[Result "1-0"]
[WhiteElo "2199"]
[BlackElo "2048"]

1.d4 Nf6 2.c4 g6 3.Nc3 Bg7 4.e4 d6 5.Nf3 O-O 6.Be2 e5 7.dxe5 dxe5 8.Qxd8 Rxd8
9.Bg5 Nbd7 10.O-O-O Rf8 11.Nd5 Nxe4 12.Ne7+ Kh8 13.Nxc8 Nxg5 14.Rxd7 Bh6
15.Kb1 Raxc8 16.Nxg5 Bxg5 17.Bf3 f5 18.Bxb7 Rb8 19.Rxc7 Bd8 20.Rd7 Bb6 21.b4 Bxf2
22.Rf1 Bd4 23.c5 Rfd8 24.Re7 Re8 25.Rd7 Red8 26.Rxd8+ Rxd8 27.Rd1 e4 28.b5 Kg7
29.b6 Rb8 30.Rxd4 Rxb7 31.Rb4 axb6 32.cxb6 f4 33.a4 f3 34.gxf3 exf3 35.a5 g5
36.Kc2 h6 37.Rb1 f2 38.Rf1 Rf7 39.a6  1-0

[Event "FSGM September"]
[Site "Budapest HUN"]
[Date "2010.09.04"]
[Round "1"]
[White "Bui Vinh"]
[Black "Czebe,A"]
[Result "1/2-1/2"]
[WhiteElo "2449"]
[BlackElo "2479"]

1.d4 Nf6 2.c4 g6 3.Nc3 Bg7 4.e4 d6 5.Be2 O-O 6.Nf3 Nbd7 7.O-O e5 8.d5 Nc5
9.Qc2 a5 10.Ne1 Ne8 11.Nd3 b6 12.b3 f5 13.Nxc5 bxc5 14.exf5 Bxf5 15.Ne4 Nf6
16.Bd3 Nxe4 17.Bxe4 Qd7 18.Bd2 a4  1/2-1/2

[Event "17th Open A"]
[Site "Graz AUT"]
[Date "2010.09.04"]
[Round "8"]
[White "Danner,G"]
[Black "Tomazini,Z"]
[Result "1-0"]
[WhiteElo "2418"]
[BlackElo "2188"]

1.d4 Nf6 2.Nf3 g6 3.c4 Bg7 4.Nc3 O-O 5.e4 d6 6.Be2 e5 7.d5 a5 8.O-O Na6 9.Ne1 Nc5
10.f3 Nh5 11.g3 Bh3 12.Rf2 f5 13.exf5 gxf5 14.Nd3 Nxd3 15.Qxd3 f4 16.Ne4 Bh6
17.g4 Nf6 18.Bd2 Kh8 19.Bf1 Bxf1 20.Raxf1 b6 21.Rg2 Nxe4 22.Qxe4 Bg5 23.Kf2 Qd7
24.Ke2 Rf6 25.Rh1 Rh6 26.h3 Rg8 27.b3 Bh4 28.Kd3 Rgg6 29.Re2 Bg3 30.Bc3 Rg5
31.h4 Rxh4 32.Rxh4 Bxh4 33.Qxf4 Qg7 34.Qh2 Qg6+ 35.Re4 Qf6 36.Qxh4 Qxf3+
37.Kd2 Qxe4 38.Qxg5 Qg2+ 39.Kc1 Qg1+ 40.Kc2 Qf2+ 41.Bd2 Qd4 42.Qd8+ Kg7 43.Bh6+ Kg6
44.Qg5+ Kf7 45.Qf5+  1-0

[Event "7th Malaysia Open"]
[Site "Kuala Lumpur MAS"]
[Date "2010.09.04"]
[Round "5"]
[White "Xu Jun"]
[Black "Carlos,L"]
[Result "1-0"]
[WhiteElo "2507"]
[BlackElo "2325"]

1.d4 Nf6 2.Nf3 g6 3.c4 Bg7 4.Nc3 O-O 5.e4 d6 6.Be2 e5 7.Be3 Ng4 8.Bg5 f6
9.Bh4 Nc6 10.d5 Ne7 11.Nd2 h5 12.h3 Nh6 13.g4 g5 14.Bg3 h4 15.Bh2 c5 16.f3 Ng6
17.Bg1 Nf4 18.Bf1 Bd7 19.a3 Nf7 20.b4 b6 21.Be3 Qc7 22.Rh2 Rfb8 23.Rb1 Bf8
24.Nb3 a6 25.Rc2 Kg7 26.Qd2 Rb7 27.Kf2 Rab8 28.Kg1 Qc8 29.Kh2 Rc7 30.Nd1 Ba4
31.Rcc1 Rcb7 32.Bf2 Bd7 33.Ne3 Qe8 34.Rb2 Qd8 35.Rcb1 Qc7 36.Qd1 Kg6 37.Bg1 Be7
38.Qd2 Kh7 39.Nc1 Bd8 40.Na2 a5 41.Nc3 Be7 42.Nb5 Bxb5 43.cxb5 axb4 44.axb4 Ra8
45.Ra2 Rba7 46.Ra6 Kg8 47.Rba1 Rxa6 48.bxa6 Ra7 49.Nd1 Kf8 50.Nc3 Qc8 51.Qb2 Nd8
52.Nb5 Ra8 53.a7 Nf7 54.Bf2 Kg7 55.Ra2 Kf8 56.Nc3 Qc7 57.Ba6 b5  1-0

[Event "7th Malaysia Open"]
[Site "Kuala Lumpur MAS"]
[Date "2010.09.04"]
[Round "6"]
[White "Lan Zilun"]
[Black "Schebler,G"]
[Result "0-1"]
[WhiteElo "2192"]
[BlackElo "2474"]

1.d4 Nf6 2.c4 g6 3.Nc3 Bg7 4.e4 d6 5.Nf3 O-O 6.Be2 e5 7.dxe5 dxe5 8.Qxd8 Rxd8
9.Bg5 Rf8 10.Nd5 Nxd5 11.cxd5 c6 12.Bc4 b5 13.Bb3 Bb7 14.Rd1 Rc8 15.dxc6 Bxc6
16.Bd5 Na6 17.O-O Nc5 18.Rfe1 Na4 19.Re2 a6 20.Be3 Rd8 21.Ng5 Bxd5 22.Rxd5 h6
23.Nf3 Rxd5 24.exd5 Rd8 25.b3 Nc3 26.Rd2 Rxd5 27.Rxd5 Nxd5 28.Bd2 e4 29.Ne1 Bc3
30.Bxc3 Nxc3 31.a3 Ne2+ 32.Kf1 Nd4 33.b4 f5 34.f4 Kf7 35.Kf2 Ke6 36.Ke3 Kd5
37.h3 h5 38.g3 Nf3 39.Nxf3 exf3 40.Kxf3 Kd4 41.Ke2 h4  0-1

[Event "12th Open"]
[Site "Trieste ITA"]
[Date "2010.09.05"]
[Round "3"]
[White "Roiz,M"]
[Black "Ivanovic,A"]
[Result "1-0"]
[WhiteElo "2637"]
[BlackElo "1898"]

1.Nf3 Nf6 2.c4 g6 3.Nc3 Bg7 4.d4 d6 5.e4 O-O 6.Be2 e5 7.Be3 Qe7 8.d5 a5 9.Nd2 Na6
10.a3 Ne8 11.b4 f5 12.f3 f4 13.Bf2 g5 14.Nb3 axb4 15.axb4 Rb8 16.b5 Nc5 17.Nxc5 dxc5
18.b6 cxb6 19.Na4 Rf6 20.Rb1 Qc7 21.Qb3 Bf8 22.O-O h5 23.Nxb6 Bd6 24.Qa4 Kf8
25.Rb5 Bd7 26.Nxd7+ Qxd7 27.Qa7  1-0

[Event "12th Open"]
[Site "Trieste ITA"]
[Date "2010.09.05"]
[Round "3"]
[White "Kragelj,I"]
[Black "De Dreu,D"]
[Result "1/2-1/2"]
[WhiteElo "2226"]
[BlackElo "2019"]

1.d4 Nf6 2.c4 g6 3.Nc3 Bg7 4.e4 d6 5.Nf3 O-O 6.Be2 e5 7.Be3 Nc6 8.d5 Ne7
9.Nd2 Ne8 10.b4 f5 11.f3 f4 12.Bf2 g5 13.c5 Ng6 14.Nc4 Rf7 15.cxd6 cxd6 16.Nb5 Nh4
17.Rg1 Bf8 18.Bxa7 Rxa7 19.Nxa7 Bd7 20.a4 h5 21.Nb5 Rg7  1/2-1/2

[Event "ch-POR"]
[Site "Amadora POR"]
[Date "2010.09.06"]
[Round "3"]
[White "Santos,AntonioP"]
[Black "Vasques,A"]
[Result "1/2-1/2"]
[WhiteElo "2326"]
[BlackElo "2115"]

1.d4 Nf6 2.c4 g6 3.Nc3 Bg7 4.e4 d6 5.Be2 O-O 6.Nf3 Na6 7.O-O e5 8.Re1 c6
9.Rb1 exd4 10.Nxd4 Nc5 11.Bf1 Re8 12.f3 a5 13.Be3 Nfd7 14.Qd2 Qc7 15.Red1 Nf8
16.Qf2 Qe7 17.Re1 a4 18.a3 Bd7 19.Rbd1 Rad8 20.Kh1 Bc8 21.Qc2 Qh4 22.g3 Qh5
23.Bg2 f5 24.exf5 Bxf5 25.Nxf5 Qxf5 26.Qxf5 gxf5 27.Bg5 Rxe1+ 28.Rxe1 Rd7
29.Bh3 Nfe6 30.Bd2 Nd4 31.Kg2 Kf7 32.Nd1 Nd3 33.Re3 Ne5 34.Bc3 Nxc4 35.Rd3 c5
36.Bxd4 Bxd4 37.Bxf5 Rc7 38.Bxh7 Bxb2 39.Be4 Ne5 40.Nxb2 Nxd3 41.Bd5+ Kf6
42.Nxd3 b5 43.Kf2 b4 44.axb4 c4 45.Nc1 Ke5 46.Be4 d5 47.Bc2 a3 48.f4+ Kd6
49.Ke3 Rb7 50.Na2 Re7+ 51.Kd4 Re2 52.Bb1 Rb2 53.Nc3 Rxb1 54.Nb5+ Kc6 55.Nxa3 Rxb4
56.Nc2 Rb2 57.Kc3 Rb3+ 58.Kd4 Rd3+ 59.Ke5 Rd2 60.Nd4+ Kc5 61.Ne6+ Kb4 62.f5 c3
63.f6 Rxh2 64.f7 Rh8 65.Kxd5 c2 66.Nf4 Kc3 67.Ne2+ Kd3 68.Nc1+ Kd2 69.Na2 Ra8
70.g4 Rxa2 71.f8=Q Ra5+ 72.Ke6 Ra6+ 73.Ke5 c1=Q 74.Qf4+ Kc2 75.Qc4+ Kb2 76.Qxa6 Qg5+
77.Ke4  1/2-1/2

[Event "TCh-ROU Superliga w"]
[Site "Baile Herculane ROU"]
[Date "2010.09.06"]
[Round "3"]
[White "Dragomirescu,An"]
[Black "Paulet,I"]
[Result "1-0"]
[WhiteElo "2168"]
[BlackElo "2247"]

1.d4 Nf6 2.c4 g6 3.Nc3 Bg7 4.e4 d6 5.Nf3 O-O 6.Be2 e5 7.dxe5 dxe5 8.Qxd8 Rxd8
9.Bg5 Re8 10.O-O-O c6 11.Nxe5 Nxe4 12.Nxe4 Bxe5 13.f4 Bf5 14.Ng3 Bc7 15.Nxf5 Rxe2
16.Nh6+ Kg7 17.Rhe1 Re6 18.Rxe6 fxe6 19.Ng4 h5 20.Ne5 a5 21.Bd8 Bxe5 22.fxe5 Kh6
23.h4 Na6 24.Rd7 g5 25.Bxg5+ Kg6 26.Rxb7 Nc5 27.Re7 Rf8 28.Be3 Nd3+ 29.Kc2 Nxe5
30.Rxe6+ Kf5 31.Rh6 Nxc4 32.Bc5 Re8 33.Rxh5+ Kg4 34.Rh6 Ne5 35.Bd4 Nf7 36.Rxc6 Kxh4
37.Rg6 Kh5 38.Rf6 Ng5 39.Rf5 Kg4 40.Rxa5 Re2+ 41.Kd3 Rxg2 42.b4 Nf3 43.Bc3 Rg3
44.Kc4 Ng5 45.Rxg5+ Kxg5 46.b5 Kf5 47.b6 Rg8 48.Kd5 Rd8+ 49.Kc6 Ke6 50.b7 Re8
51.a4 Rf8 52.Bb4 Rg8 53.a5 Rg4 54.b8=Q  1-0

[Event "12th Open"]
[Site "Trieste ITA"]
[Date "2010.09.09"]
[Round "7"]
[White "Gleizerov,E"]
[Black "Kuzubov,Y"]
[Result "1-0"]
[WhiteElo "2564"]
[BlackElo "2628"]

1.d4 Nf6 2.c4 g6 3.Nc3 Bg7 4.e4 d6 5.Nf3 O-O 6.Be2 e5 7.O-O Na6 8.Be3 h6
9.dxe5 Ng4 10.Bc1 Nxe5 11.Nd4 Nc5 12.Be3 Re8 13.Qd2 Kh7 14.Rad1 Ng4 15.Bxg4 Bxg4
16.f3 Bc8 17.Nb3 Nd7 18.c5 Ne5 19.Qf2 b6 20.cxd6 Ba6 21.dxc7 Qxc7 22.Nd5 Qb7
23.Rfe1 Nd3 24.Rxd3 Bxd3 25.Bxh6 Bxh6 26.Nf6+ Kh8 27.Nxe8 Rxe8 28.Qd4+ Bg7
29.Qxd3 Bxb2 30.f4 Qc6 31.e5 b5 32.Nd2 Qb6+ 33.Kh1 Rd8 34.Qh3+ Kg7 35.Ne4 Qd4
36.Qh4 Ba3 37.Nd6 Rxd6 38.exd6 Bxd6 39.Rf1 a5 40.Qf2 Qc4 41.f5 g5 42.Re1 Bb4
43.Rd1 Bc3 44.Rc1 b4 45.Qg3 Kf6 46.Qd6+ Kxf5 47.h3 Qe2 48.Qd5+ Kg6 49.Qxa5 g4
50.Qd5 gxh3 51.gxh3 Kf6 52.Qg2 Qe3 53.Rf1+ Ke7 54.Qb7+ Kd6 55.Rd1+ Ke5 56.Qe7+  1-0

[Event "TCh-CHN"]
[Site "Guangzhou CHN"]
[Date "2010.09.10"]
[Round "10"]
[White "Zhou Weiqi"]
[Black "Wen Yang"]
[Result "1-0"]
[WhiteElo "2584"]
[BlackElo "2520"]

1.d4 Nf6 2.c4 g6 3.Nc3 Bg7 4.e4 d6 5.Nf3 O-O 6.Be2 e5 7.O-O Na6 8.Re1 Qe8
9.Bf1 Bg4 10.d5 Nb4 11.Be2 a5 12.Be3 Na6 13.h3 Bd7 14.Nd2 h6 15.a3 Nh7 16.b4 f5
17.f3 axb4 18.axb4 Nxb4 19.Qb3 c5 20.dxc6 Nxc6 21.c5+ Kh8 22.Rxa8 Qxa8 23.cxd6 Ng5
24.Nd5 Ne6 25.Bf1 Ned4 26.Qc3 Be6 27.Rb1 Rf7 28.Nc7 Qd8 29.Rxb7 Qxd6 30.Ne8 Qd8
31.Rxf7 Bxf7 32.Nxg7 Kxg7 33.Nc4 Qf6 34.Qb2 fxe4 35.fxe4 g5 36.Qb6 h5 37.Qc7 g4
38.Nd6 Qe7 39.Qxe7 Nxe7 40.hxg4 hxg4 41.Nxf7 Kxf7 42.Kf2 Kg6 43.Kg3 Ne6 44.Kxg4 Ng8
45.Bd3 Nf6+ 46.Kh4 Kf7 47.g3 Kg7 48.g4 Kg6 49.Bc4 Kf7 50.Bd5 Nxd5 51.exd5 Nc7
52.d6 Nd5 53.Bc5 Ke6 54.g5 Nf4 55.Kg4 Ng6 56.Kh5 Nf4+ 57.Kh6 e4 58.Kh7 Nd5
59.g6 Nf6+ 60.Kg7 Nd7 61.Bd4 e3 62.Bxe3 Kxd6 63.Kh8  1-0

[Event "Montreal Open"]
[Site "Montreal CAN"]
[Date "2010.09.10"]
[Round "1"]
[White "Lenderman,A"]
[Black "Laurain,G"]
[Result "1-0"]
[WhiteElo "2559"]
[BlackElo "2187"]

1.d4 Nf6 2.c4 d6 3.Nf3 g6 4.Nc3 Bg7 5.e4 O-O 6.Be2 e5 7.O-O c6 8.Re1 Re8
9.dxe5 dxe5 10.Qxd8 Rxd8 11.Nxe5 Nxe4 12.Nxf7 Bxc3 13.Nh6+ Kf8 14.bxc3 Na6
15.Bf1 Nac5 16.Be3 Kg7 17.f3 Nf6 18.Bxc5 Kxh6 19.Be7  1-0

[Event "TCh-CHN"]
[Site "Guangzhou CHN"]
[Date "2010.09.11"]
[Round "11"]
[White "Ding Liren"]
[Black "Zhao Jun"]
[Result "1-0"]
[WhiteElo "2565"]
[BlackElo "2575"]

1.d4 Nf6 2.Nf3 g6 3.c4 Bg7 4.Nc3 O-O 5.e4 d6 6.Be2 e5 7.O-O Na6 8.Be3 c6
9.d5 Ng4 10.Bg5 f6 11.Bh4 c5 12.a3 Qe7 13.Ne1 h5 14.Nc2 Nh6 15.f3 Bd7 16.b4 b6
17.Rb1 Nf7 18.bxc5 Nxc5 19.Nb4 Rfc8 20.Bf2 Bh6 21.Nb5 Nd8 22.Bxc5 bxc5 23.Na6 Be8
24.Qe1 Bf8 25.Qa5 Nb7 26.Qc3 Nd8 27.Rb3 Bh6 28.Rfb1 f5 29.Qc2 f4 30.R3b2 Bf8
31.Qd2 g5 32.h3 Nb7 33.Qe1 Nd8 34.Bd1 Bg6 35.Kf1 Be8 36.Nc3  1-0

[Event "WCh w Blitz Quarter-Final"]
[Site "Moscow RUS"]
[Date "2010.09.14"]
[Round "10"]
[White "Mikhailova,I"]
[Black "Mirzoeva,E"]
[Result "1-0"]
[WhiteElo "2288"]
[BlackElo "2239"]

1.d4 Nf6 2.Nf3 g6 3.c4 Bg7 4.Nc3 O-O 5.e4 d6 6.Be2 e5 7.dxe5 dxe5 8.Qxd8 Rxd8
9.Bg5 Re8 10.Nd5 Nxd5 11.cxd5 c6 12.Bc4 cxd5 13.Bxd5 Nc6 14.O-O-O h6 15.Be3 Bg4
16.Kb1 Rac8 17.Bxc6 Rxc6 18.Bxa7 Ra6 19.Be3 f5 20.h3 Bh5 21.Rd7 fxe4 22.Nd2 g5
23.Rc1 Bf7 24.a3 b5 25.Rcc7 Rf6 26.Nxe4 Rf8 27.Nxf6+ Bxf6 28.Bc5 Bg6+ 29.Kc1 Ra8
30.Be7 Bh8 31.Rd8+ Rxd8 32.Bxd8 e4 33.Rb7 Bd4 34.Bb6 Be5 35.Bc5 Be8 36.Be3 Kf8
37.Kc2 Bf6 38.Rb6 Kf7 39.Bd2 Bd4 40.Rb7+ Ke6 41.Be3 Be5 42.b3 Bc6 43.Ra7 Bb8
44.Rh7 Bd6 45.Rxh6+ Kd5 46.Rxd6+ Kxd6 47.Bxg5 e3 48.Bxe3 Bxg2 49.h4 Bf3 50.Kc3 Kd5
51.Kb4 Kc6 52.a4 bxa4 53.bxa4 Bg4 54.a5 Be2 55.Bb6 Bf3 56.Kc4 Be2+ 57.Kd4 Kd6
58.Ke3 Bd1 59.a6 Bb3 60.a7 Bd5 61.Kf4 Ke6 62.Kg5 Kf7 63.f4 Kg7 64.Bd4+ Kf7
65.Kf5 Bb7 66.Ke5 Kg6 67.Kd6 Kh5 68.Be5 Kxh4 69.Kc7 Be4 70.Kb8 Kg4 71.a8=Q Bxa8
72.Kxa8 Kf5 73.Kb7 Ke6 74.Kc7 Kf5 75.Kd6 Kg6 76.Ke6 Kh7 77.Kf7 Kh6 78.f5 Kh7
79.f6 Kh6 80.Ke7 Kg6 81.f7 Kf5 82.f8=Q+ Kxe5 83.Qf6+  1-0

[Event "WCh w Blitz Semi-Final"]
[Site "Moscow RUS"]
[Date "2010.09.15"]
[Round "3"]
[White "Nebolsina,V"]
[Black "Romanko,M"]
[Result "1-0"]
[WhiteElo "2360"]
[BlackElo "2411"]

1.d4 Nf6 2.c4 g6 3.Nc3 Bg7 4.e4 O-O 5.Be2 d6 6.Nf3 Na6 7.O-O e5 8.Be3 Ng4
9.Bg5 Qe8 10.Re1 h6 11.Bh4 c6 12.h3 Nf6 13.Bg3 Nh5 14.Bh2 Nf4 15.Bf1 Kh8
16.c5 exd4 17.Bxf4 dxc3 18.Bxd6 cxb2 19.Rb1 Be6 20.Qd2 Rd8 21.e5 Bd5 22.Nd4 Bxa2
23.Rxb2 Bd5 24.Rxb7 Nb8 25.Rxa7 Nd7 26.Rc7 Rc8 27.Rxc8 Qxc8 28.Bxf8 Bxf8
29.e6 fxe6 30.Nxe6 Nxc5 31.Nxc5 Bxc5 32.Qxh6+ Kg8 33.Qxg6+ Kf8 34.Qf6+ Kg8
35.Re5 Bf7 36.Rxc5  1-0

[Event "TCh-NED Meesterklasse 2010-11"]
[Site "Netherlands NED"]
[Date "2010.09.18"]
[Round "1.9"]
[White "Hovenga,A"]
[Black "Van Kampen,R"]
[Result "1/2-1/2"]
[WhiteElo "2176"]
[BlackElo "2430"]

1.d4 Nf6 2.c4 g6 3.Nc3 Bg7 4.e4 d6 5.Nf3 O-O 6.Be2 e5 7.O-O Na6 8.Qc2 exd4
9.Nxd4 Ng4 10.Bxg4 Bxg4 11.Be3 Nc5 12.Qd2 Qd7 13.f3 Be6 14.b3 Rae8 15.Rac1 f5
16.Nxe6 Nxe6 17.exf5 Rxf5 18.Ne4 d5 19.cxd5 Rxd5 20.Qc2 Nd4 21.Bxd4 Bxd4+
22.Kh1 c6 23.Rcd1 Bg7 24.Rxd5 cxd5 25.Nf2 Qf5 26.Qd2 Qe5 27.Ng4 Qd4 28.Qg5 Kh8
29.h4 Qd3 30.Rc1 Qf5 31.Qxf5 gxf5 32.Nf2 Bf6 33.g3 Re3 34.Kg2 Bc3 35.Rc2 Ba5
36.g4 d4 37.Rc8+ Kg7 38.Rb8 Re7 39.gxf5 Kf6 40.Rc8 Bb6 41.Rf8+ Ke5 42.f6 Rc7
43.Nd3+ Ke6 44.Nf4+ Kf5 45.Nd5 Rc2+ 46.Kf1 Rxa2 47.Nxb6 axb6 48.f7 Kf6 49.Rh8 Kxf7
50.Rxh7+ Ke6 51.Rxb7 Ke5 52.Rxb6 Kf4 53.Rd6 Kxf3 54.Ke1 Rb2 55.h5  1/2-1/2

[Event "TCh-NED Meesterklasse 2010-11"]
[Site "Netherlands NED"]
[Date "2010.09.18"]
[Round "1.5"]
[White "Wunnink,M"]
[Black "Nijboer,F"]
[Result "1/2-1/2"]
[WhiteElo "2254"]
[BlackElo "2582"]

1.d4 Nf6 2.c4 g6 3.Nc3 Bg7 4.e4 d6 5.Nf3 O-O 6.Be2 Na6 7.O-O e5 8.Be3 Ng4
9.Bg5 Qe8 10.dxe5 dxe5 11.h3 h6 12.Bd2 Nf6 13.Be3 b6 14.a3 Bb7 15.Qc2 Nh5
16.Rfe1 Nf4 17.Bf1 Ne6 18.Rad1 f5 19.b4 f4 20.Bc1 c6 21.b5 Nac5 22.Bb2 Nd4
23.Nxd4 exd4 24.bxc6 Bxc6 25.Nb5 Bxe4 26.Qd2  1/2-1/2

[Event "EYCC Boys U14"]
[Site "Batumi GEO"]
[Date "2010.09.20"]
[Round "1"]
[White "Tskhadadze,G"]
[Black "Dastan,B"]
[Result "0-1"]
[WhiteElo "1724"]
[BlackElo "2087"]

1.d4 Nf6 2.c4 g6 3.Nc3 Bg7 4.e4 d6 5.Nf3 O-O 6.Be2 e5 7.dxe5 dxe5 8.Qxd8 Rxd8
9.Bg5 Re8 10.Nd2 c6 11.f3 Na6 12.Be3 Nd7 13.Na4 Bf8 14.a3 Ndc5 15.Nxc5 Bxc5
16.Bxc5 Nxc5 17.b4 Ne6 18.Kf2 c5 19.Nb1 Nd4 20.Nc3 Be6 21.Bd3 cxb4 22.axb4 Bxc4
23.Bxc4 Rec8 24.Bxf7+ Kxf7 25.Rac1 Nb3 26.Rc2 Rc4 27.Rb1 Nd4 28.Rcc1 Rac8
29.Na2 Rc2+ 30.Kf1 Ne2 31.Rxc2 Rxc2 32.Ra1 a6 33.g3 Nd4 34.Nc1 Rxh2 35.f4 exf4
36.gxf4 h5 37.Kg1 Rd2 38.Kf1 h4 39.Ra2 Rd1+ 40.Kf2 Rxc1 41.Ke3 Nc2+ 42.Kd2 Nxb4
43.Ra4 Rc2+ 44.Ke3 Rb2 45.Kf3 h3 46.Kg3 h2 47.Rxb4 h1=N+ 48.Kf3 Rxb4 49.Kg2 Rb2+
50.Kxh1 a5  0-1

[Event "EYCC Boys U16"]
[Site "Batumi GEO"]
[Date "2010.09.20"]
[Round "1"]
[White "Davi,A"]
[Black "Kovalev,Vl"]
[Result "0-1"]
[WhiteElo "2078"]
[BlackElo "2328"]

1.d4 Nf6 2.Nf3 g6 3.c4 Bg7 4.Nc3 O-O 5.e4 d6 6.Be2 e5 7.O-O Na6 8.Re1 Qe8
9.Bf1 Bg4 10.d5 Nb4 11.Be2 a5 12.Be3 b6 13.a3 Na6 14.Qc2 Bd7 15.h3 Nh5 16.Nd2 Nf4
17.Bf1 Qd8 18.Kh2 f5 19.Bxf4 exf4 20.Nf3 fxe4 21.Nxe4 Nc5 22.Nxc5 bxc5 23.Rab1 Qf6
24.b3 g5 25.Bd3 h6 26.Bh7+ Kh8 27.Qg6 Rab8 28.Re2 Qxg6 29.Bxg6 Bf6 30.Nd2 Kg7
31.Bc2 Rfe8 32.Rbe1 Rxe2 33.Rxe2 a4 34.bxa4 Rb2 35.Bd1 Ra2 36.Nb1 Rxe2 37.Bxe2 Bxa4
38.Bd3 Bb2 39.Kg1 Kf6 40.Kf1 Ke5 41.Ke2 Kd4 42.Nd2 Bxa3 43.Nf3+ Kc3 44.g4 fxg3
45.fxg3 Bd1+ 46.Kxd1 Kxd3 47.Nd2 Bb2 48.Nf1 Kd4  0-1

[Event "EYCC Girls U16"]
[Site "Batumi GEO"]
[Date "2010.09.20"]
[Round "1"]
[White "Kuchava,A"]
[Black "Russo,Arianna"]
[Result "1-0"]
[WhiteElo "2001"]
[BlackElo "1607"]

1.d4 Nf6 2.c4 g6 3.Nc3 Bg7 4.e4 d6 5.Nf3 O-O 6.Be2 Nbd7 7.O-O e5 8.Re1 Ne8
9.Be3 f5 10.exf5 gxf5 11.dxe5 dxe5 12.Bg5 Nef6 13.Nd5 e4 14.Nd4 c6 15.Ne6 Qe8
16.Ndc7 Qf7 17.Nxf8 Nxf8 18.Nxa8 Ne6 19.Bxf6 Bxf6 20.Qd6 Bxb2 21.Rab1  1-0

[Event "EYCC Girls U18"]
[Site "Batumi GEO"]
[Date "2010.09.21"]
[Round "2"]
[White "Petrova,I"]
[Black "Palmitessa,C"]
[Result "1/2-1/2"]
[WhiteElo "2041"]
[BlackElo "1903"]

1.d4 Nf6 2.c4 g6 3.Nc3 Bg7 4.e4 d6 5.Nf3 O-O 6.Be2 Nbd7 7.O-O e5 8.Re1 a5
9.dxe5 Nxe5 10.Nxe5 dxe5 11.Bg5 h6 12.Qxd8 Rxd8 13.Bxf6 Bxf6 14.Nd5 Bg5 15.Nxc7 Rb8
16.Red1 Bd7 17.Nd5 Bc6 18.g3 h5 19.h4 Bh6 20.Rd3 Bf8 21.Rad1 Kg7 22.a3 Rdc8
23.Nc3 Bc5 24.R3d2 Bd4 25.Nd5 Ba4 26.Rc1 Bb3 27.Ne3 b5 28.Nc2 Bxb2 29.Rb1 Bc3
30.Rd6 Bxc2 31.Rc1 Bxe4 32.Rxc3 bxc4 33.f3 Bf5 34.Rxc4 Rb1+ 35.Kf2 Rxc4 36.Bxc4 Rc1
37.Bb3 Rb1 38.Bc4 Ra1 39.Ra6 Rxa3 40.Ra7 a4 41.Bxf7 Kf6 42.Bd5 g5 43.Ra6+ Kg7
44.hxg5 Ra1 45.f4 exf4 46.gxf4 Rd1 47.Ra7+ Kh8 48.Ra8+ Kh7 49.Ra7+ Kh8 50.Ra8+ Kg7  1/2-1/2

[Event "EYCC Girls U14"]
[Site "Batumi GEO"]
[Date "2010.09.21"]
[Round "2"]
[White "Abdimanoglu,B"]
[Black "Tantsiura,M"]
[Result "0-1"]
[WhiteElo "1772"]
[BlackElo "2030"]

1.d4 g6 2.c4 Nf6 3.Nc3 Bg7 4.e4 d6 5.Nf3 O-O 6.Be2 e5 7.O-O Na6 8.d5 Nc5
9.Qc2 a5 10.b3 Ne8 11.a3 f5 12.Nd2 f4 13.Bb2 g5 14.f3 h5 15.b4 Na6 16.Qb3 b6
17.Rfd1 g4 18.Nf1 Qg5 19.Bc1 Qg6 20.Bd2 h4 21.Be1 h3 22.Qb2 hxg2 23.Nd2 Nf6
24.Nb3 Qh5 25.fxg4 Bxg4 26.Bxg4 Nxg4 27.Kxg2 f3+ 28.Kg3 f2  0-1

[Event "EYCC Boys U14"]
[Site "Batumi GEO"]
[Date "2010.09.23"]
[Round "4"]
[White "Mravic,F"]
[Black "Haman,J"]
[Result "1/2-1/2"]
[WhiteElo "1777"]
[BlackElo "2010"]

1.Nf3 Nf6 2.c4 g6 3.d4 Bg7 4.Nc3 O-O 5.e4 d6 6.Be2 Nbd7 7.O-O e5 8.Be3 Ng4
9.Bg5 f6 10.Bh4 g5 11.Bg3 Nh6 12.dxe5 fxe5 13.Qc2 g4 14.Ne1 Nc5 15.f4 gxf3
16.Nxf3 Be6 17.Rad1 Ng4 18.Bf2 Nxf2 19.Rxf2 Bh6 20.Kh1 Rf7 21.Rff1 Qf8 22.Ng1 Kh8
23.h3 Qg7 24.Rxf7 Bxf7 25.Bf3 Ne6 26.Nge2 Rg8 27.Rf1 c6 28.Qd3 Nd4 29.Nxd4 exd4
30.Ne2 c5 31.Nf4  1/2-1/2

[Event "39th Olympiad Men"]
[Site "Khanty-Mansiysk RUS"]
[Date "2010.09.23"]
[Round "3"]
[White "Eljanov,P"]
[Black "Kozul,Z"]
[Result "1/2-1/2"]
[WhiteElo "2761"]
[BlackElo "2604"]

1.d4 Nf6 2.c4 g6 3.Nc3 Bg7 4.e4 d6 5.Nf3 O-O 6.Be2 e5 7.O-O Nbd7 8.Qc2 c6
9.d5 a5 10.Rd1 Nc5 11.Be3 cxd5 12.Bxc5 dxc5 13.cxd5 Ne8 14.Nd2 Bd7 15.a4 f5
16.Bb5 Nd6 17.Bxd7 Qxd7 18.Qd3 Ra6 19.Nc4 fxe4 20.Qe2 e3 21.fxe3 e4 22.Nxd6 Rxd6
23.Nxe4 Rxd5 24.Qc4 Rf5 25.Rxd5 Qxd5 26.Nd2 Bxb2 27.Rb1 Qxc4 28.Nxc4 Bc3
29.Rxb7 Rd5 30.Kf2 Rd1 31.Ke2 Ra1 32.Kd3 Bb4 33.e4 Rd1+ 34.Ke3 Rd4 35.Ne5 Bd2+
36.Kf3 c4 37.Rc7 c3 38.Ng4 Bg5 39.Rxc3 Rxa4 40.g3 Be7 41.Nh6+ Kg7 42.Rc7 Kf8
43.Rc8+ Kg7 44.Rc7 Kf8 45.Rc8+  1/2-1/2

[Event "39th Olympiad Women"]
[Site "Khanty-Mansiysk RUS"]
[Date "2010.09.25"]
[Round "5"]
[White "Dedijer,S"]
[Black "Sotomayor Villatoro,S"]
[Result "1-0"]
[WhiteElo "2055"]
[BlackElo "1777"]

1.d4 Nf6 2.Nf3 g6 3.c4 d6 4.Nc3 Bg7 5.e4 Nbd7 6.Be2 O-O 7.O-O e5 8.Re1 c6
9.Rb1 Re8 10.d5 Nc5 11.Bf1 a5 12.Bg5 h6 13.Bh4 g5 14.Bg3 Nh5 15.Nd2 Nxg3
16.hxg3 f5 17.exf5 Bxf5 18.Nde4 Nxe4 19.Nxe4 Rf8 20.Rc1 c5 21.Bd3 Qd7 22.Nc3 Rf7
23.Bxf5 Qxf5 24.Qc2 Qd7 25.Ne4 Raf8 26.Qd2 Qd8 27.Rc3 b6 28.Qd1 Qd7 29.Rb3 Rb8
30.Rb5 Bf8 31.Re3 Qf5 32.g4 Qd7 33.Rh3 Rf4 34.f3 Rf7 35.Qd3 Qd8 36.Ng3 Rf6
37.Nh5 Rf7 38.Qg6+ Bg7 39.Nxg7 Rxg7 40.Qe6+ Rf7 41.Rxh6 Qe7 42.Qxd6 Qxd6
43.Rxd6 Rf4 44.b3 e4 45.fxe4 Rxe4 46.Rdxb6 Rxb6 47.Rxb6 Re2 48.Rb5 Rxa2 49.Rxc5 Rb2
50.Rxa5 Rxb3 51.d6 Rd3 52.Rxg5+ Kf7 53.Rd5 Rxd5 54.cxd5 Ke8 55.Kf2  1-0

[Event "TCh-NED Meesterklasse 2010-11"]
[Site "Netherlands NED"]
[Date "2010.09.25"]
[Round "1.7"]
[White "Wempe,Jo"]
[Black "Rijnaarts,S"]
[Result "1/2-1/2"]
[WhiteElo "2283"]
[BlackElo "2262"]

1.d4 Nf6 2.c4 g6 3.Nc3 Bg7 4.e4 d6 5.Nf3 O-O 6.Be2 e5 7.d5 Na6 8.O-O Nc5
9.Nd2 a5 10.Rb1 Bh6 11.Qc2 Bg4 12.Bxg4 Nxg4 13.b3 c6 14.a3 cxd5 15.exd5 f5
16.b4 axb4 17.axb4 Na6 18.Nf3 Bxc1 19.Rfxc1 e4 20.Nd4 Qf6 21.Ne6 Rfc8 22.Na4 Qh4
23.h3 Rxc4 24.Qb2 Rxc1+ 25.Rxc1 Qxf2+ 26.Qxf2 Nxf2 27.Kxf2 Nxb4 28.Nb6 Re8
29.Nc7 Nd3+ 30.Kf1 Re7 31.Rc3 Nf4 32.Rc4 g5 33.Nc8 Re5 34.Nxd6 e3 35.Rxf4 gxf4
36.Nxb7 Re4 37.d6 Rd4 38.Ne6 Rd1+ 39.Ke2 Rd2+ 40.Ke1 Kf7 41.Nxf4 Kf6 42.g3 Ke5
43.Ne2 Ke4 44.d7 Kf3 45.Ng1+ Kg2 46.d8=Q Rxd8 47.Nxd8 Kxg1 48.Ne6 Kg2 49.g4 fxg4
50.hxg4 Kg3 51.g5 Kg4 52.Ke2  1/2-1/2